• 首页
  • 本馆介绍
  • 公告通知
  • 最新文献
  • 馆藏检索
  • 电子资源
  • 读者导购
  • 参考咨询
  • 我的图书馆
  • 登录
  • 详细信息显示
  • 放入我的书架
  • 预约/预借图书
  • 作者相关作品
  • 分类相关作品
  • 丛书相关作品
  • 出版社相关作品

书目信息

  • 表格格式
  • 工作单格式
  • 卡片格式
题名:
美育教师手册
    
 
作者: 李睦 主编
分册:  
出版信息: 北京   清华大学出版社  2023.03
页数: 10,372页
开本: 21cm
丛书名: 美育系列
单 册:
中图分类: G40-014 , G451.2-62
科图分类:
主题词: 美育--教师培训--手册
电子资源:
ISBN: 978-7-302-62581-0
000 00977nam0 2200265 450
001 0100084427
005 20250616160952.8
010    @a978-7-302-62581-0@dCNY68.00
100    @a20230412d2023 em y0chiy50 ea
101 0  @achi
102    @aCN@b110000
105    @aa z 000yy
106    @ar
200 1  @a美育教师手册@9mei yu jiao shi shou ce@b专著@e理论、方法与实践@f李睦主编
210    @a北京@c清华大学出版社@d2023.03
215    @a10,372页@c图,照片@d21cm
225 1  @a美育系列@i美育研究类
330    @a本书作为一本美育通识手册,旨在回应当前教师的实际困惑,提升艺术与审美认知,增强课程设计与教学科研能力,助力职业生涯的长效发展。全书内容共分五章,各章均配有延伸思考、荐读书目和PPT等拓展学习资料。
333    @a高校教育工作者
606 0  @a美育@x教师培训@j手册
690    @aG40-014@v5
690    @aG451.2-62@v5
701  0 @a李睦@9li mu@4主编
801  0 @aCN@b人天书店@c20250616
905    @b1624690-4@b216246916@b216246925@b216246934@b216246943@dG40-014@e1574@f5
    
    美育教师手册:理论、方法与实践/李睦主编.-北京:清华大学出版社,2023.03
    10,372页:图,照片;21cm.-(美育系列.美育研究类)
    使用对象:高校教育工作者
    
    ISBN 978-7-302-62581-0:CNY68.00
    本书作为一本美育通识手册,旨在回应当前教师的实际困惑,提升艺术与审美认知,增强课程设计与教学科研能力,助力职业生涯的长效发展。全书内容共分五章,各章均配有延伸思考、荐读书目和PPT等拓展学习资料。
●
相关链接 在E读中查询图书 在五车中查询图书 在当当中查询图书 在豆瓣中查询图书


正题名:美育教师手册     索取号:G40-014/1574         预约/预借

序号 登录号 条形码 馆藏地/架位号 状态 备注
1 1624690   216246907   第一样本阅览室/ [索取号:G40-014/1574] 在馆    
2 1624691   216246916   第四借阅区/ [索取号:G40-014/1574] 在馆    
3 1624692   216246925   第四借阅区/ [索取号:G40-014/1574] 在馆    
4 1624693   216246934   第四借阅区/ [索取号:G40-014/1574] 在馆    
5 1624694   216246943   第四借阅区/ [索取号:G40-014/1574] 在馆    
唐山师范学院图书馆 欢迎您!
大连网信软件有限公司© 版权所有